| 000 | 00540nam a2200181Ia 4500 | ||
|---|---|---|---|
| 003 | GCL | ||
| 008 | 140319s9999 xx 000 0 ara d | ||
| 040 |
_aGCL / _cGCL |
||
| 082 | 0 | 4 |
_a746.43 _bع ا |
| 100 | 1 | _aعنايات الجنزورى | |
| 245 | 1 | 0 |
_aاصنعى ملابسك وملابس اطفالك بنفسك التريكو / _cعنايات الجنزورى |
| 260 |
_a[S.N] : _bمكتبة ابن سيناء |
||
| 300 | _a141 ص | ||
| 490 | _a | ||
| 650 | 0 | 4 | _aشغل الابرة |
| 650 | 0 | 4 | _aالتريكو |
| 942 |
_2ddc _cBK |
||
| 999 |
_c28217 _d28217 |
||